000 00536nam a2200205Ia 4500
005 20250923150136.0
008 008 250917s9999 xx 000 0 eng d
037 _aTextual
040 _aDSWL
_beng
_cDSWL
041 _aeng
_2eng
084 _qDSWL
100 _aBhatia, S K
_9842705
245 0 _aConstrutive industrial relation and labour laws
_c by S K Bhatia
260 _aNew Delhi
_b Deep & Deep Sons
_c2003
300 _a321p.
365 _aINR
_b680
925 _g680
942 _cTEXL
999 _c1460034
_d1460034